| 000 | 02297cam a2200385 a 4500 | ||
|---|---|---|---|
| 001 | 8567 | ||
| 003 | FISKH | ||
| 005 | 20250930111817.0 | ||
| 008 | 090430r20092008nyua j 000 0aeng | ||
| 010 | _a 2009016118 | ||
| 020 |
_a9780374350550 _qpbk. |
||
| 020 | _a9780142414989 | ||
| 035 | _a15718890 | ||
| 040 |
_aDLC _cDLC _beng |
||
| 050 | 0 | 0 |
_aPR6054.A35 _bZ46 2009 |
| 082 | 0 | 0 |
_a823/.914 _aB _222 |
| 100 | 1 | _aDahl, Roald. | |
| 245 | 1 | 0 |
_aMore about Boy : _bRoald Dahl's tales from childhood / _cRoald Dahl. |
| 250 | _a1st American ed. | ||
| 260 |
_aNew York : _bFarrar, Straus, and Giroux, _c2009. |
||
| 300 |
_a223 pages : _bcolor illustrations ; _c23 cm |
||
| 336 |
_atext _btxt _2rdacontent |
||
| 337 |
_aunmediated _bn _2rdamedia |
||
| 338 |
_avolume _bnc _2rdacarrier |
||
| 500 | _aOriginally published: London : Puffin Books, 2008. | ||
| 505 | 0 | _aStarting-point -- Papa and Mama -- More about Mama -- Kindergarten, 1922/3 -- A grand time -- Llandaff Cathedral School, 1923/5 (age 7/9) -- The bicycle and the sweet-shop -- The great mouse plot -- A life without sweets -- Going to Norway -- The magic island -- A visit to the doctor -- The last lap -- St. Peter's, 1925/9 (age 9-13) -- First day -- Writing home -- The matron -- Homesickness -- A drive in the motor-car -- The Maccano chariot -- Captain Hardcastle -- How I became a writer -- Little Ellis and the boil -- Goat's tobacco -- Repton and Shell, 1929/36 (age 13/20) -- Getting dressed for the big school -- Boazers -- Painful punishments -- The headmaster -- Chocolates -- Horrid little boys and girls -- Corkers -- Fagging -- That awful cold bath -- Games and photography -- Goodbye school -- P.S -- Excerpt from Going solo -- A Dahl-tastic quiz. | |
| 520 | _aHumorous anecdotes from the author's childhood describe summer vacations in Norway and life in an English boarding school. | ||
| 600 | 1 | 0 |
_aDahl, Roald _xChildhood and youth _vJuvenile literature. |
| 650 | 0 |
_aAuthors, English _y20th century _vBiography _vJuvenile literature. |
|
| 655 | 7 |
_aLiterature. _2lcgft _0https://id.loc.gov/authorities/genreForms/gf2014026415 |
|
| 655 | 7 |
_aBiographies. _2lcgft _0https://id.loc.gov/authorities/genreForms/gf2014026049 |
|
| 906 |
_a7 _bcbc _corignew _d1 _eecip _f20 _gy-gencatlg |
||
| 942 |
_2ddc _cBK _n0 |
||
| 999 |
_c8567 _d8567 |
||